| 000 | 01406nam a22003017a 4500 | ||
|---|---|---|---|
| 001 | 0012056 | ||
| 003 | KOHA_MİRAKIL | ||
| 005 | 20260207001838.0 | ||
| 007 | ta | ||
| 008 | 090729b2003 xx |||gr||||#||||0|Eng | | ||
| 020 |
_a3527305785 _q(acid-free paper) _c194,63 |
||
| 040 |
_aTR-BiSEU _btur _cTR-BiSEU _erda |
||
| 041 | 0 | _aEng | |
| 050 |
_aTP247 _b.W4413 2003 |
||
| 100 | 1 | _aWeissermel, Klaus. | |
| 245 | 1 |
_aIndustrial organic chemistry/ _cKlaus Weissermel ; Klaus Weissermel, Hans-Jürgen Arpe; translated by Charlet R. Lindley and Stephen Hawkins. |
|
| 250 | _a4th completely rev. ed. | ||
| 264 | 1 |
_aWeinheim : _bWiley-VCH _c2003 |
|
| 300 |
_axix, 491, [20] sayfa: illustreted ; _c25 cm. |
||
| 336 |
_ametin _btxt _2rdacontent |
||
| 337 |
_aaracısız _bn _2rdamedia |
||
| 338 |
_acilt _bnc _2rdacarrier |
||
| 500 | _aKaynakça ve dizin var. | ||
| 505 |
_aVarious aspects of the energy and raw material supply _xBasic products of industrial syntheses _xOlefins _xAcetylene _x1,3-diolefins _xSyntheses involving carbon monoxide _xOxidation products of ethylene _xAlcohols _xVinyl-halogen and vinyl-oxygen compounds _xComponents for polyamides _xPropene conversion products _xAromatics, production and conversion _xBenzene derivatives _xOxidation products of xylene and naphthalene _xAppendix. |
||
| 650 | 0 |
_aChemistry, Organic. _91515 |
|
| 650 | 0 |
_aChemistry, Technical. _929243 |
|
| 942 |
_2lcc _cBK |
||
| 999 |
_c12025 _d12025 |
||